000 00368cam a2200145ua 4500
041 _aeng
_h
082 _a823.308
_bTAG/WR
100 _aTagore, Rabindranath .
245 _aWreck /
_cRabindranath Tagore.
_hTextual Documents
260 _aMelbourne :
_bMacMillan and Company Limited ,
_c1971.
300 _a131 ; .
504 _a
942 _cBK
999 _c989
_d989